Литература народов России (Запись № 12711453)

Подробности
000 -МАРКЕР
контрольное поле 01489nam1a2200337 i 4500
001 - ИДЕНТИФИКАТОР ЗАПИСИ
контрольное поле RU\NLR\BIBL_A\016212428
005 - ИДЕНТИФИКАТОР ВЕРСИИ
контрольное поле 20260407130836.0
010 ## - МЕЖДУНАРОДНЫЙ СТАНДАРТНЫЙ НОМЕР КНИГИ (ISBN)
Номер (ISBN) 9785920806536
035 ## - ДРУГИЕ СИСТЕМНЫЕ НОМЕРА
Идентификатор записи (NLR Aleph) 016212428
100 ## - ДАННЫЕ ОБЩЕЙ ОБРАБОТКИ
Данные общей обработки 20221118g2022 k y0rusy50 ca
101 0# - ЯЗЫК РЕСУРСА
Язык текста, звукозаписи и т.д. русский
Язык резюме английский
Язык оглавления русский
-- английский
102 ## - СТРАНА ПУБЛИКАЦИИ ИЛИ ПРОИЗВОДСТВА
Страна публикации Российская Федерация
105 ## - ПОЛЕ КОДИРОВАННЫХ ДАННЫХ: ТЕКСТОВЫЕ МАТЕРИАЛЫ, МОНОГРАФИЧЕСКИЕ
Кодированные данные о монографическом текстовом документе ||||z||||||||
181 #0 - ПОЛЕ КОДИРОВАННЫХ ДАННЫХ: ВИД СОДЕРЖАНИЯ
Код вида содержания (ISBD) i4
Код характеристики содержания (ISBD) axxe
182 #0 - ПОЛЕ КОДИРОВАННЫХ ДАННЫХ: ТИП СРЕДСТВА
Код типа средства (ISBD) n - непосредственное
200 1# - ЗАГЛАВИЕ И СВЕДЕНИЯ ОБ ОТВЕТСТВЕННОСТИ
Основное заглавие Литература народов России
Параллельное заглавие Literature of the peoples of Russia
Сведения, относящиеся к заглавию сборник
Первые сведения об ответственности Институт мировой литературы им. А. М. Горького Российской академии наук
Последующие сведения об ответственности ответственный редактор: Б. С. Зулумян
Язык параллельного заглавия английский
203 ## - ВИД СОДЕРЖАНИЯ И ТИП СРЕДСТВА
Вид содержания Текст
Дополнительные сведения об издании визуальный
Тип средства непосредственный
210 ## - ПУБЛИКАЦИЯ, РАСПРОСТРАНЕНИЕ И ДР.
Место издания, распространения и т.д. Москва
Имя издателя, распространителя и т. д. ИМЛИ РАН
Дата издания, распространения и т.д. 2022
215 ## - ФИЗИЧЕСКАЯ ХАРАКТЕРИСТИКА
Размеры 22
510 1# - ПАРАЛЛЕЛЬНОЕ ЗАГЛАВИЕ
Параллельное заглавие Literature of the peoples of Russia
Язык заглавия английский
606 1# - НАИМЕНОВАНИЕ ТЕМЫ КАК ПРЕДМЕТ
Наименование темы Литература народов России
Формальный подзаголовок Сборники
Системный номер авторитетной/нормативной записи 2563547
Идентификатор авторитетной/нормативной записи RU\NLR\AUTH\661516331
686 1# - ИНДЕКСЫ ДРУГИХ КЛАССИФИКАЦИЙ
Индекс Ш5(2)я43
702 #1 - ИМЯ ЛИЦА - ВТОРИЧНАЯ ОТВЕТСТВЕННОСТЬ
Начальный элемент ввода Зулумян
Часть имени, кроме начального элемента ввода Б. С.
Расширение инициалов личного имени Бурастан Сергеевна
Код отношения Редактор
712 02 - НАИМЕНОВАНИЕ ОРГАНИЗАЦИИ - ВТОРИЧНАЯ ОТВЕТСТВЕННОСТЬ
Код отношения Прочие
Начальный элемент ввода Институт мировой литературы им. А. М. Горького
Идентифицирующий признак Москва
Идентификатор авторитетной/нормативной записи RU\NLR\AUTH\889978472
Системный номер авторитетной/нормативной записи 453490
852 ## - МЕСТОНАХОЖДЕНИЕ И ШИФР ХРАНЕНИЯ
Идентификатор организации NLR
Шифр хранения (Call Number) 2022-5/11687
942 ## - ДОПОЛНИТЕЛЬНЫЕ ЭЛЕМЕНТЫ ЗАПИСИ (АБИС)
Тип экземпляра АБИС Книга

Нет доступных экземпляров.